00326pab a2200121 454500008004000000100002300040245005600063260000900119300001300128362001100141650001800152773003400170180718b2007 xxu||||| |||| 00| 0 eng d aSubramanian, Dilip aA sociological profile of a public sector workforce c2007 ap.36-47. a22 Dec aPublic sector aEconomic and Political Weekly